[Event "SCCA Summer of Thematics July 2007"]
[Site "SchemingMind.com"]
[Date "2007.07.08"]
[Round "-"]
[White "Be0wulf"]
[Black "Aumonde"]
[Result "0-1"]
[WhiteCountry "PHI"]
[BlackCountry "USA"]
[WhiteElo "1548"]
[WhiteRD "90"]
[BlackElo "2277"]
[BlackRD "59"]
[GameID "112123"]

1. e4 c5 2. d4 cxd4 3. Qxd4 Nc6 4. Qa4 d6 5. Be3 Nf6 6. f3 d5 7. Nc3 d4 8. O-O-O e5 9. Bf2 Be6 10. Bb5 Rc8
11. Nge2 Nd7 12. Nd5 a6 13. Bxc6 bxc6 14. Nb4 Nc5 15. Qa3 a5
0-1

[Event "SCCA Summer of Thematics July 2007"]
[Site "SchemingMind.com"]
[Date "2007.07.08"]
[Round "-"]
[White "Aumonde"]
[Black "Be0wulf"]
[Result "1-0"]
[WhiteCountry "USA"]
[BlackCountry "PHI"]
[WhiteElo "2262"]
[WhiteRD "56"]
[BlackElo "1464"]
[BlackRD "74"]
[GameID "112132"]

1. e4 c5 2. d4 d5 3. exd5 Qxd5 4. Be3 cxd4 5. Nc3 Qa5 6. Qxd4 Nf6 7. Bb5+ Bd7 8. b4 Qc7 9. Bf4 Qb6 10. Qxb6 axb6
11. Bxb8 Rxb8 12. Bxd7+ Nxd7 13. O-O-O e6 14. a3 Rc8 15. Nb5 Rc6 16. f4
1-0

[Event "SCCA Summer of Thematics July 2007"]
[Site "SchemingMind.com"]
[Date "2007.07.22"]
[Round "-"]
[White "aliwood"]
[Black "Mekk"]
[Result "0-1"]
[WhiteCountry "ENG"]
[BlackCountry "POL"]
[WhiteElo "1103"]
[WhiteRD "107"]
[BlackElo "1848"]
[BlackRD "70"]
[GameID "113272"]

1. e4 c5 2. d4 cxd4 3. c3 dxc3 4. Nxc3 Nc6 5. Nf3 e6 6. Bc4 a6 7. O-O b5 8. Bb3 Nge7 9. Qe2 Ng6 10. Bc2 Bc5
0-1

[Event "SCCA Summer of Thematics July 2007"]
[Site "SchemingMind.com"]
[Date "2007.07.19"]
[Round "-"]
[White "Mekk"]
[Black "aliwood"]
[Result "1-0"]
[WhiteCountry "POL"]
[BlackCountry "ENG"]
[WhiteElo "1848"]
[WhiteRD "70"]
[BlackElo "1103"]
[BlackRD "107"]
[GameID "113279"]

1. e4 c5 2. d4 cxd4 3. c3 dxc3 4. Nxc3 Nc6 5. Nf3 e6 6. Bc4 d6 7. O-O Nf6 8. Qe2 Be7 9. Rd1 O-O 10. e5 Nxe5
11. Nxe5 Nd5 12. Bxd5
1-0

[Event "SCCA Summer of Thematics July 2007"]
[Site "SchemingMind.com"]
[Date "2007.07.22"]
[Round "-"]
[White "Robert Pallett"]
[Black "MotoXRider31"]
[Result "1-0"]
[WhiteCountry "ENG"]
[BlackCountry "USA"]
[WhiteElo "2317"]
[WhiteRD "72"]
[BlackElo "1885"]
[BlackRD "152"]
[GameID "113694"]

1. e4 c5 2. d4 cxd4 3. c3 Nf6 4. e5 Nd5 5. Nf3 Nc6 6. cxd4 d6 7. Bc4 Nb6 8. Bb3 dxe5 9. d5 Na5 10. Nc3 Nxb3
11. Qxb3 e6 12. Nxe5 exd5 13. Be3 Bd6 14. Qb5+ Kf8 15. f4 Be6 16. O-O g6 17. Bd4 f6 18. Qe2 Qe7 19. Rae1 Re8 20. Ng4 Bxg4
21. Qxg4 Qxe1 22. Rxe1 Rxe1+ 23. Kf2 Re7 24. Nb5 Bb8 25. Bxf6 Re4 26. g3 Rg8 27. Nc3 Re8 28. Qg5 Bd6 29. Bd4 Be7 30. Qh6+ Kf7
31. Qxh7+ Ke6 32. Nb5
1-0

[Event "SCCA Summer of Thematics July 2007"]
[Site "SchemingMind.com"]
[Date "2007.07.22"]
[Round "-"]
[White "MotoXRider31"]
[Black "Robert Pallett"]
[Result "0-1"]
[WhiteCountry "USA"]
[BlackCountry "ENG"]
[WhiteElo "1885"]
[WhiteRD "152"]
[BlackElo "2317"]
[BlackRD "72"]
[GameID "113697"]

1. e4 c5 2. d4 e6 3. Nf3 cxd4 4. Nxd4 a6 5. Bd3 Nf6 6. O-O Qc7 7. Kh1 Bc5 8. Nb3 Be7 9. Nc3 Nc6 10. f4 d6
11. Bd2 O-O 12. Qf3 b5 13. a3 Bb7 14. Qh3 h6 15. Qg3 Nh5 16. Qf3 Nf6 17. Rfd1 Nd7 18. Ne2 Bf6 19. Rab1 Nc5 20. Nxc5 dxc5
21. c4 bxc4 22. Bxc4 Rfd8 23. Qg4 Nd4 24. Ng3 Kh8 25. Rbc1 Rd7 26. Be3 Rad8 27. b4 cxb4 28. axb4 Nf5 29. Rxd7 Nxg3+ 30. Qxg3 Qxd7
31. e5 Be7 32. Qe1= Qa4 33. Bc5 Bxc5 34. bxc5 Rd4 35. Bf1 Bc6 36. Ra1 Qc2 37. Rc1 Qf5 38. Rc4 Rxc4 39. Bxc4 a5 40. Kg1 Qxf4
41. Qxa5 Qd4+ 42. Kf1 Qxc4+
0-1

[Event "SCCA Summer of Thematics July 2007"]
[Site "SchemingMind.com"]
[Date "2007.07.24"]
[Round "-"]
[White "Marcos Natal"]
[Black "Geoffrey Rosser"]
[Result "0-1"]
[WhiteCountry "BRA"]
[BlackCountry "ENG"]
[WhiteElo "1186"]
[WhiteRD "115"]
[BlackElo "1754"]
[BlackRD "78"]
[GameID "113884"]

1. e4 c5 2. d4 cxd4 3. Nf3 e5 4. c3 Nc6 5. cxd4 Bb4+ 6. Nc3 Qa5 7. Qb3 exd4 8. Ng5 Nh6 9. Bc4 dxc3 10. Bxf7+ Nxf7
11. Qxf7+ Kd8 12. Qxg7 cxb2+ 13. Ke2 Qb5+ 14. Kf3 Ne5+ 15. Kf4 Ng6+ 16. Kf3 Rf8+ 17. Nf7+ Rxf7+ 18. Qxf7 Ne5+
0-1

[Event "SCCA Summer of Thematics July 2007"]
[Site "SchemingMind.com"]
[Date "2007.07.24"]
[Round "-"]
[White "Geoffrey Rosser"]
[Black "Marcos Natal"]
[Result "1-0"]
[WhiteCountry "ENG"]
[BlackCountry "BRA"]
[WhiteElo "1754"]
[WhiteRD "78"]
[BlackElo "1186"]
[BlackRD "115"]
[GameID "113892"]

1. e4 c5 2. d4 cxd4 3. c3 dxc3 4. Nxc3 Nc6 5. Nf3 e5 6. Bc4 Bc5 7. Ng5 Nh6 8. O-O O-O 9. Be3 Bxe3 10. Nxf7 Rxf7
11. fxe3 Ng4 12. Qxg4 d5 13. Qe2 dxc4 14. Rxf7 Kxf7 15. Rf1+ Ke8 16. Qxc4 Qe7 17. Qg8+ Kd7 18. Rd1+ Kc7 19. Nd5+
1-0

[Event "SCCA Summer of Thematics July 2007"]
[Site "SchemingMind.com"]
[Date "2007.07.30"]
[Round "-"]
[White "tardon"]
[Black "gjakub"]
[Result "1-0"]
[WhiteCountry "ESP"]
[BlackCountry "POL"]
[WhiteElo "1593"]
[WhiteRD "80"]
[BlackElo "1634"]
[BlackRD "131"]
[GameID "114070"]

1. e4 c5 2. d4 cxd4 3. c3 dxc3 4. Nxc3 e6 5. Nf3 Nc6 6. Bc4 d6 7. O-O Nf6 8. Qe2 Bd7 9. Bf4 e5 10. Bg3 h6
11. Nd5 Be7 12. Nxf6+ Bxf6 13. Rfd1 O-O 14. Rxd6 Qc7 15. Rad1 Nd4 16. R6xd4 Rfd8 17. Nxe5 Be6 18. Bxe6 Rxd4 19. Bxf7+ Kf8 20. Ng6+
1-0

[Event "SCCA Summer of Thematics July 2007"]
[Site "SchemingMind.com"]
[Date "2007.07.26"]
[Round "-"]
[White "Tahur"]
[Black "niall"]
[Result "1-0"]
[WhiteCountry "ARG"]
[BlackCountry "IRL"]
[WhiteElo "1763"]
[WhiteRD "54"]
[BlackElo "1677"]
[BlackRD "132"]
[GameID "114071"]

1. e4 c5 2. d4 cxd4 3. c3 d5 4. exd5 Qxd5 5. cxd4 e5 6. Be3 Nc6 7. Nc3 Bb4 8. dxe5 Bxc3+ 9. bxc3 Qxe5 10. Rc1 Nf6
11. Nf3 Qe7 12. Nd4 Ne5 13. Bb5+ Bd7 14. Bxd7+ Nfxd7 15. Nf5 Qf6 16. Nd6+ Kf8 17. O-O Kg8 18. Qd5 h6 19. Rfd1 Nb6 20. Qxb7 Kh7
21. Rb1 Qg6 22. Qe4 Rhd8 23. Qxe5 Kg8 24. c4 Na4 25. Nf5 Nb2 26. Rxd8+ Rxd8 27. Ne7+
1-0

[Event "SCCA Summer of Thematics July 2007"]
[Site "SchemingMind.com"]
[Date "2007.07.31"]
[Round "-"]
[White "Lazaro"]
[Black "Count_Aleksander"]
[Result "1/2-1/2"]
[WhiteCountry "CUB"]
[BlackCountry "USA"]
[WhiteElo "1953"]
[WhiteRD "69"]
[BlackElo "1887"]
[BlackRD "88"]
[GameID "114072"]

1. e4 c5 2. d4 cxd4 3. Qxd4 Nc6 4. Qa4 g6 5. Bd2 Bg7 6. Bc3 Nf6 7. Nd2 d6 8. Ngf3 Bd7 9. Qb5 Qc7 10. Qd3 O-O
11. Be2 Rfd8 12. O-O a6 13. Rad1=
1/2-1/2

[Event "SCCA Summer of Thematics July 2007"]
[Site "SchemingMind.com"]
[Date "2007.07.31"]
[Round "-"]
[White "gjakub"]
[Black "tardon"]
[Result "1-0"]
[WhiteCountry "POL"]
[BlackCountry "ESP"]
[WhiteElo "1656"]
[WhiteRD "156"]
[BlackElo "1548"]
[BlackRD "83"]
[GameID "114076"]

1. e4 c5 2. d4 cxd4 3. c3 dxc3 4. Nxc3 Nc6 5. Nf3 d6 6. Bc4 e6 7. O-O Be7 8. Qe2 Nf6 9. Rd1 e5 10. Bg5 Bg4
11. Bxf6 Bxf6 12. Nb5
1-0

[Event "SCCA Summer of Thematics July 2007"]
[Site "SchemingMind.com"]
[Date "2007.07.26"]
[Round "-"]
[White "niall"]
[Black "Tahur"]
[Result "0-1"]
[WhiteCountry "IRL"]
[BlackCountry "ARG"]
[WhiteElo "1677"]
[WhiteRD "132"]
[BlackElo "1763"]
[BlackRD "54"]
[GameID "114077"]

1. e4 c5 2. d4 cxd4 3. c3 Nf6 4. e5 Nd5 5. Bc4 Nb6 6. Bb3 e6 7. cxd4 d5 8. Nf3 Nc6 9. O-O Be7 10. a3 Bd7
11. Bc2 Rc8 12. Nc3 f5 13. Ne2 g5 14. Ng3 O-O 15. h3 Be8 16. Nh2 Nxd4 17. Qxd4 Rxc2 18. b4 f4 19. Qd3 Bg6 20. Qf3 fxg3
21. Qxg3 Be4 22. h4 Nc4 23. hxg5 Kh8 24. Ng4 Bxg5 25. Kh2 Rxc1 26. Raxc1 Bf4 27. Qxf4 Rxf4 28. Nf6 Nd2 29. Rh1 Rxf2
0-1

[Event "SCCA Summer of Thematics July 2007"]
[Site "SchemingMind.com"]
[Date "2007.07.31"]
[Round "-"]
[White "Count_Aleksander"]
[Black "Lazaro"]
[Result "1-0"]
[WhiteCountry "USA"]
[BlackCountry "CUB"]
[WhiteElo "1899"]
[WhiteRD "85"]
[BlackElo "1902"]
[BlackRD "58"]
[GameID "114078"]

1. e4 c5 2. d4 cxd4 3. Nf3 e5 4. c3 dxc3 5. Nxc3 Nc6 6. Bc4 Na5 7. Bxf7+ Kxf7 8. Nxe5+ Ke8 9. Qh5+ g6 10. Nxg6 Nf6
11. Qe5+ Kf7 12. Nxh8+ Kg8 13. Nd5 Nxd5 14. Qxd5+ Kxh8 15. Bg5 Qb6 16. O-O h6 17. Be3 Qd8 18. f4 Nc6 19. Rf3 Qe7 20. Raf1 Qe6
21. Qh5 d6 22. f5 Qf6 23. Rg3 Ne7 24. Bd2 Qd4+ 25. Rf2
1-0

[Event "SCCA Summer of Thematics July 2007"]
[Site "SchemingMind.com"]
[Date "2007.08.02"]
[Round "-"]
[White "Rimfaxe"]
[Black "antje"]
[Result "1-0"]
[WhiteCountry "DEN"]
[BlackCountry "GER"]
[WhiteElo "1846"]
[WhiteRD "171"]
[BlackElo "1018"]
[BlackRD "98"]
[GameID "114447"]

1. e4 c5 2. d4 e6 3. Nf3 Nf6 4. Nc3 Nc6 5. Be2 d5 6. Bg5 Be7 7. dxc5 Nxe4 8. Bxe7 Qxe7 9. O-O O-O 10. Nxe4 dxe4
11. Nd2
1-0

[Event "SCCA Summer of Thematics July 2007"]
[Site "SchemingMind.com"]
[Date "2007.08.02"]
[Round "-"]
[White "antje"]
[Black "Rimfaxe"]
[Result "0-1"]
[WhiteCountry "GER"]
[BlackCountry "DEN"]
[WhiteElo "1018"]
[WhiteRD "98"]
[BlackElo "1846"]
[BlackRD "171"]
[GameID "114458"]

1. e4 c5 2. d4 cxd4 3. Nf3 Nc6 4. Bb5 Qa5+ 5. c3 Qxb5 6. Nxd4 Qe5 7. Nxc6 Qxe4+ 8. Be3 dxc6 9. O-O Nf6 10. Nd2 Qd5
11. Nf3 Bg4
0-1

[Event "SCCA Summer of Thematics July 2007"]
[Site "SchemingMind.com"]
[Date "2007.08.17"]
[Round "-"]
[White "Robert Pallett"]
[Black "Geoffrey Rosser"]
[Result "1-0"]
[WhiteCountry "ENG"]
[BlackCountry "ENG"]
[WhiteElo "2315"]
[WhiteRD "72"]
[BlackElo "1754"]
[BlackRD "78"]
[GameID "116796"]

1. e4 c5 2. d4 cxd4 3. c3 d5 4. exd5 Qxd5 5. cxd4 Nc6 6. Nf3 Nf6 7. Nc3 Qa5 8. d5 Nb8 9. Bb5+ Bd7 10. Bxd7+ Nbxd7
11. O-O g6 12. Re1 Bg7 13. Qd3 Qd8 14. d6 e6 15. Bg5 O-O 16. Ne5 Qa5 17. Bxf6 Nxf6 18. d7 Rfd8 19. Rad1 a6 20. Qc4 Nh5
21. Nxf7 Kxf7 22. Qxe6+ Kf8 23. g4 Nf6 24. Qd6+ Kg8 25. Re5
1-0

[Event "SCCA Summer of Thematics July 2007"]
[Site "SchemingMind.com"]
[Date "2007.08.17"]
[Round "-"]
[White "Geoffrey Rosser"]
[Black "Robert Pallett"]
[Result "0-1"]
[WhiteCountry "ENG"]
[BlackCountry "ENG"]
[WhiteElo "1754"]
[WhiteRD "78"]
[BlackElo "2315"]
[BlackRD "72"]
[GameID "116804"]

1. e4 c5 2. d4 e6 3. Nc3 cxd4 4. Qxd4 Nc6 5. Qd2 Nf6 6. a3 Bc5 7. h3 d5 8. exd5 exd5 9. Bb5 O-O 10. Bxc6 bxc6
11. b4 Bb6 12. Bb2 Re8+ 13. Nce2 Ne4 14. Qf4 Bxf2+ 15. Kd1 d4 16. Nf3 Be3 17. Qh2 d3 18. Nc3 Nf2+ 19. Ke1 d2+ 20. Kf1 Ba6+
21. b5 Bxb5+ 22. Nxb5 d1=Q+
0-1

[Event "SCCA Summer of Thematics July 2007"]
[Site "SchemingMind.com"]
[Date "2007.09.07"]
[Round "-"]
[White "Mekk"]
[Black "Aumonde"]
[Result "0-1"]
[WhiteCountry "POL"]
[BlackCountry "USA"]
[WhiteElo "1841"]
[WhiteRD "74"]
[BlackElo "2280"]
[BlackRD "56"]
[GameID "119036"]

1. e4 c5 2. d4 cxd4 3. c3 dxc3 4. Nxc3 Nc6 5. Nf3 d6 6. Bc4 Na5 7. Qa4+ Bd7 8. Bb5 Nc6 9. O-O a6 10. Nd5 e6
11. Re1 exd5 12. Bxc6 bxc6 13. exd5+ Be7 14. dxc6 Be6 15. Nd4 Qc8 16. Nxe6 fxe6 17. Qg4 Nf6 18. Qxe6 Qxe6 19. Rxe6 Rc8 20. Bf4 Kf7
21. Rae1 Rhe8 22. c7 Rxc7 23. g4 Rc4 24. g5 Bd8 25. Rxe8 Nxe8 26. Bc1 Bxg5
0-1

[Event "SCCA Summer of Thematics July 2007"]
[Site "SchemingMind.com"]
[Date "2007.09.08"]
[Round "-"]
[White "Aumonde"]
[Black "Mekk"]
[Result "1-0"]
[WhiteCountry "USA"]
[BlackCountry "POL"]
[WhiteElo "2249"]
[WhiteRD "57"]
[BlackElo "1884"]
[BlackRD "72"]
[GameID "119049"]

1. e4 c5 2. d4 cxd4 3. Nf3 Nc6 4. Nxd4 Nf6 5. Nc3 e5 6. Ndb5 d6 7. Nd5 Nxd5 8. exd5 Nb8 9. Be2 a6 10. Na3 Be7
11. Be3 O-O 12. O-O f5 13. Nc4 Nd7 14. a4 f4 15. Bd2 b6 16. Re1 Nc5 17. a5 b5 18. Nb6 Bf5 19. Nxa8 Qxa8 20. Bf3 Bf6
21. Bb4 Qa7 22. Ra3 Kh8 23. Qd2 g5 24. Bxc5 dxc5 25. Be4 Bxe4 26. Rxe4 g4 27. c4 b4 28. Rd3 Qc7 29. d6 Qxa5 30. d7 Rd8
31. g3 Qa1+ 32. Re1 Qa5 33. Rd6 Kg7 34. Rxf6 Kxf6 35. Qd6+ Kf7 36. Qd5+ Kg6 37. Qe6+ Kg7 38. Qxe5+ Kg6 39. Qd6+ Kg7 40. Re7+
1-0

[Event "SCCA Summer of Thematics July 2007"]
[Site "SchemingMind.com"]
[Date "2007.09.13"]
[Round "-"]
[White "Tahur"]
[Black "Rimfaxe"]
[Result "1/2-1/2"]
[WhiteCountry "ARG"]
[BlackCountry "DEN"]
[WhiteElo "1898"]
[WhiteRD "54"]
[BlackElo "1785"]
[BlackRD "104"]
[GameID "120490"]

1. e4 c5 2. d4 cxd4 3. c3 dxc3 4. Nxc3 Nc6 5. Nf3 e6 6. Bc4 a6 7. O-O Nge7 8. a4 Ng6 9. Be3 Bb4 10. Qb3 Qe7
11. Rac1 Na5 12. Qa2 Nxc4 13. Qxc4 O-O 14. Rfd1 Rd8 15. b3 Ba5 16. h3 d6 17. Rc2 Bd7 18. b4 Rac8 19. Qb3 Bc7 20. Kh1 Qe8
21. b5 Ba5 22. Rxd6 axb5 23. Nxb5 Rxc2 24. Qxc2 Bxb5 25. Rxd8 Qxd8 26. axb5 h6 27. Qc5 Bc7 28. Qa7 b6 29. g3 Ne7 30. Nd4 Nc8
31. Qa6 Nd6 32. Nc6 Qd7 33. Bxb6 Bxb6 34. Qxb6 Kh7 35. f3 Nxb5 36. Qxb5 Qd1+ 37. Kg2 Qd2+= 38. Kf1 Qd1+ 39. Kf2 Qc2+ 40. Ke3 Qc3+
41. Kf2 Qc2+ 42. Ke1 Qc1+ 43. Ke2 Qc2+ 44. Ke3 Qc3+ 45. Ke2=
1/2-1/2

[Event "SCCA Summer of Thematics July 2007"]
[Site "SchemingMind.com"]
[Date "2007.09.13"]
[Round "-"]
[White "Rimfaxe"]
[Black "Tahur"]
[Result "0-1"]
[WhiteCountry "DEN"]
[BlackCountry "ARG"]
[WhiteElo "1783"]
[WhiteRD "133"]
[BlackElo "1895"]
[BlackRD "55"]
[GameID "120499"]

1. e4 c5 2. d4 cxd4 3. c3 Nf6 4. e5 Nd5 5. Nf3 Nc6 6. Bc4 Nb6 7. Bb3 dxc3 8. Nxc3 e6 9. O-O Be7 10. Be3 d5
11. exd6 Qxd6 12. Nb5 Qb8 13. a3 O-O 14. Qc2 Nd5 15. Bxd5 exd5 16. Qd2 Be6 17. Qd3 Ne5 18. Nxe5 Qxe5 19. Nd4 Bd7 20. f4 Qe4
21. Qd2 Bd6 22. Nf3 h6 23. Rfe1 Rac8 24. Rac1 Rxc1 25. Rxc1 a6 26. Kf2 Re8 27. g3 Bg4 28. Ng1 Qh1 29. h3 Qh2+ 30. Kf1 Bxh3+
31. Nxh3 Qxg3
0-1

[Event "SCCA Summer of Thematics July 2007"]
[Site "SchemingMind.com"]
[Date "2007.10.10"]
[Round "-"]
[White "Count_Aleksander"]
[Black "gjakub"]
[Result "1-0"]
[WhiteCountry "USA"]
[BlackCountry "POL"]
[WhiteElo "1918"]
[WhiteRD "93"]
[BlackElo "1599"]
[BlackRD "110"]
[GameID "124033"]

1. e4 c5 2. d4 e6 3. d5 d6 4. Bc4 Nf6 5. Nc3 Qa5 6. Bd2 Qb4 7. Qe2 Qxb2 8. Rb1 Qxc2 9. Bb3 Qxb1+ 10. Nxb1 g6
11. Bc3 Bg7 12. dxe6 fxe6 13. e5 dxe5 14. Qb5+ Nbd7 15. Bxe6 a6 16. Qb3 b5 17. Nf3 c4 18. Qd1 Nc5 19. Bxc8 Nd3+ 20. Kf1 Rxc8
21. Nxe5 O-O 22. Nxd3 Rcd8 23. Bxf6 Rxd3 24. Qe2 Bxf6 25. Qe6+ Kg7 26. g3 Rd1+ 27. Kg2 Rxh1 28. Kxh1 c3 29. Na3 Rd8 30. Qxa6 Rd2
31. Qxb5 Rxa2 32. Qc5 g5 33. h3 h5 34. Kg2 Rd2 35. Nc4 Re2 36. Ne3 h4 37. g4 Rd2= 38. Qc6 Kf7 39. Nd5 Bd4 40. Qd7+ Kg6
41. Ne7+ Kf6 42. Nd5+ Kg6 43. Qe6+ Kg7 44. Ne3 c2 45. Nf5+ Kh8 46. Qh6+
1-0

[Event "SCCA Summer of Thematics July 2007"]
[Site "SchemingMind.com"]
[Date "2007.10.11"]
[Round "-"]
[White "gjakub"]
[Black "Count_Aleksander"]
[Result "0-1"]
[WhiteCountry "POL"]
[BlackCountry "USA"]
[WhiteElo "1592"]
[WhiteRD "122"]
[BlackElo "1900"]
[BlackRD "89"]
[GameID "124040"]

1. e4 c5 2. d4 cxd4 3. Nf3 Nc6 4. Nxd4 Qb6 5. Nb5 a6 6. Be3 Qa5+ 7. N5c3 Nf6 8. Nd2 b5 9. Nb3 Qd8 10. Nd5 Nxd5
11. exd5 Ne5 12. Be2 Bb7 13. Nc5 Bc8 14. f4 Ng6 15. Bh5 d6 16. Bf3 dxc5 17. d6 Rb8 18. Bc6+ Bd7 19. dxe7 Bxe7 20. Bxd7+ Qxd7
21. Qxd7+ Kxd7 22. O-O-O+ Kc6 23. g3 Rbd8 24. Bd2 Bf6 25. Ba5 Rxd1+ 26. Rxd1 Re8 27. f5 Ne5 28. Re1 b4 29. h4 Nd3+
0-1

[Event "SCCA Summer of Thematics July 2007"]
[Site "SchemingMind.com"]
[Date "2007.11.06"]
[Round "-"]
[White "Robert Pallett"]
[Black "Aumonde"]
[Result "1-0"]
[WhiteCountry "ENG"]
[BlackCountry "USA"]
[WhiteElo "2338"]
[WhiteRD "76"]
[BlackElo "2190"]
[BlackRD "59"]
[GameID "127706"]

1. e4 c5 2. d4 cxd4 3. c3 Nf6 4. e5 Nd5 5. Nf3 e6 6. cxd4 d6 7. Nc3 Nxc3 8. bxc3 Qc7 9. Qc2 Nd7 10. Bf4 dxe5
11. dxe5 g6 12. Be2 Bg7 13. O-O O-O 14. Rad1 Nxe5 15. Bxe5 Bxe5 16. Nxe5 Qxe5 17. Rfe1 Qc7 18. Rd4 Bd7 19. Qd2 Bc6 20. Rh4 Rfd8
21. Qh6 f5 22. h3 Rac8 23. Bc4 Bd5 24. Bb3 b5 25. Bxd5 Rxd5 26. a4 a6 27. axb5 axb5 28. Rb1 Rd3 29. Rhb4 Rb8 30. Qg5 Rxc3
31. Rd1 e5 32. Qd2 Rc5 33. Rb3 f4 34. Rd3 Rc2 35. Qe1 b4 36. Rd7 Qc3 37. Qe4 Qc5 38. Kh2 Rc4 39. Qf3 Qc6 40. Qe2 Re8
41. R1d6 Qe4 42. Qa2 f3 43. g3 g5 44. Qd2 Qf5 45. Qd5+
1-0

[Event "SCCA Summer of Thematics July 2007"]
[Site "SchemingMind.com"]
[Date "2007.11.07"]
[Round "-"]
[White "Aumonde"]
[Black "Robert Pallett"]
[Result "0-1"]
[WhiteCountry "USA"]
[BlackCountry "ENG"]
[WhiteElo "2190"]
[WhiteRD "59"]
[BlackElo "2338"]
[BlackRD "76"]
[GameID "127710"]

1. e4 c5 2. d4 cxd4 3. Nf3 Nc6 4. Nxd4 Nf6 5. Nc3 d6 6. Bc4 Qb6 7. Ndb5 a6 8. Be3 Qa5 9. Nd4 Ng4 10. Nxc6 bxc6
11. Bd2 Ne5 12. Bb3 Qc7 13. O-O g6 14. f4 Nd7 15. Be3 Bg7 16. Bd4 Bxd4+ 17. Qxd4 Qb6 18. Qxb6 Nxb6 19. a3 a5 20. Rae1 a4
21. Ba2 Be6 22. e5 d5 23. Ne2 c5 24. Ng3 Kd7 25. Rf2 h5 26. f5 gxf5 27. Nxf5= h4 28. Ng7 Rag8 29. Nxe6 Kxe6 30. Ref1 Rg7
31. Rf4 c4 32. b3 axb3 33. cxb3 c3 34. Bb1 Kxe5 35. Rxf7 Rxf7 36. Rxf7 e6 37. Rb7 Na8 38. Bc2 Rf8 39. Re7 Kd6 40. Rb7 e5
41. Rh7 Nc7 42. Rxh4 Ne6 43. Bb1 e4
0-1

[Event "SCCA Summer of Thematics July 2007"]
[Site "SchemingMind.com"]
[Date "2008.02.09"]
[Round "-"]
[White "Count_Aleksander"]
[Black "Tahur"]
[Result "0-1"]
[WhiteCountry "USA"]
[BlackCountry "ARG"]
[WhiteElo "1859"]
[WhiteRD "91"]
[BlackElo "1979"]
[BlackRD "54"]
[GameID "141143"]

1. e4 c5 2. d4 cxd4 3. Nf3 Nc6 4. Nxd4 Nf6 5. Nc3 d6 6. Bg5 e6 7. Qd2 e5 8. Nb3 a6 9. O-O-O h6 10. Bh4 Nxe4
11. Nxe4 Qxh4 12. Nxd6+ Bxd6 13. g3 Qe4 14. f4 Bb4 15. c3 Qxh1 16. cxb4 O-O
0-1

[Event "SCCA Summer of Thematics July 2007"]
[Site "SchemingMind.com"]
[Date "2008.02.10"]
[Round "-"]
[White "Tahur"]
[Black "Count_Aleksander"]
[Result "1-0"]
[WhiteCountry "ARG"]
[BlackCountry "USA"]
[WhiteElo "1943"]
[WhiteRD "54"]
[BlackElo "1918"]
[BlackRD "93"]
[GameID "141150"]

1. e4 c5 2. d4 cxd4 3. c3 dxc3 4. Nxc3 Nc6 5. Nf3 d6 6. Bc4 Nf6 7. h3 g6 8. e5 Nxe5 9. Nxe5 e6 10. Bg5 Be7
11. Bb5+ Bd7 12. Bxf6
1-0

[Event "SCCA Summer of Thematics July 2007"]
[Site "SchemingMind.com"]
[Date "2008.03.08"]
[Round "-"]
[White "Tahur"]
[Black "Robert Pallett"]
[Result "0-1"]
[WhiteCountry "ARG"]
[BlackCountry "ENG"]
[WhiteElo "1979"]
[WhiteRD "54"]
[BlackElo "2372"]
[BlackRD "79"]
[GameID "145310"]

1. e4 c5 2. d4 cxd4 3. c3 dxc3 4. Nxc3 Nc6 5. Bc4 d6 6. Nf3 a6 7. O-O Nf6 8. e5 Ng4 9. exd6 e6 10. Bg5 Qxd6
11. Qxd6 Bxd6 12. Ne4 Bc7 13. Rfd1 h6 14. Bd2 O-O 15. Rac1 Rd8 16. h3 Nge5 17. Nxe5 Bxe5 18. Bc3 Bd4 19. a4 e5 20. g4 Rb8
21. b3 b5 22. axb5 axb5 23. Bd3 Be6 24. Bc2 Bxc3 25. Nxc3 Nd4 26. b4 Rbc8 27. Be4 Rc4 28. Bd3 Rxb4 29. Kg2 Bc4 30. Be4 g6
31. Bd3 Kg7 32. Bc2 Rb2 33. Be4 Rb3 34. Kh2 b4 35. Na4 Be2 36. Re1 Bf3 37. Rc7 Bxe4 38. Rxe4 Nf3+ 39. Kg2 Rd1 40. Re3 Nh4+
41. Kh2 Rbb1 42. Nc3 bxc3 43. Rexc3 Rg1 44. Rg3 Rh1#
0-1

[Event "SCCA Summer of Thematics July 2007"]
[Site "SchemingMind.com"]
[Date "2008.03.08"]
[Round "-"]
[White "Robert Pallett"]
[Black "Tahur"]
[Result "1-0"]
[WhiteCountry "ENG"]
[BlackCountry "ARG"]
[WhiteElo "2372"]
[WhiteRD "79"]
[BlackElo "1979"]
[BlackRD "54"]
[GameID "145313"]

1. e4 c5 2. d4 cxd4 3. Nf3 Nc6 4. Nxd4 Qb6 5. Nb3 Nf6 6. Nc3 e6 7. Bd3 Bb4 8. Be3 Bxc3+ 9. bxc3 Qc7 10. f4 d5
11. e5 Nd7 12. O-O Ne7 13. Qh5 Qxc3 14. Nd4 g6 15. Qh6 Nf8 16. Nb5 Nf5 17. Nxc3 Nxh6 18. Nb5 Kd8 19. Bxa7 Nd7 20. Bf2 Ng4
21. Bh4+ f6 22. h3 g5 23. fxg5 Ngxe5 24. gxf6 Nf7 25. a4 e5 26. Rfd1 Ra5 27. Be2 d4 28. Bc4 Rf8 29. Bxf7 Rxf7 30. Nd6 Rf8
31. f7+ Kc7 32. Be7 Rh8 33. c3 Rd5 34. Nb5+ Kb6 35. Rab1 d3 36. c4 Rc5 37. Rxd3 Rc6 38. Nd4+ Kc7 39. Nxc6 Kxc6 40. Rg3 Nb6
41. Rg8 Be6 42. Rxb6+ Kxb6 43. f8=Q Rxg8 44. Bc5+ Ka5 45. Qd6
1-0